La diferencia como categoría en las teologías críticas por la liberación de las mujeres (Record no. 632249)

000 -CABECERA
Campo de control de longitud fija 00499nab a2200145Ia 4500
003 - IDENTIFICADOR DEL NÚMERO DE CONTROL
Campo de control ES-SlBCS
005 - FECHA Y HORA DE LA ÚLTIMA TRANSACCIÓN
Campo de control 20230314153018.0
008 - CÓDIGOS DE INFORMACIÓN DE LONGITUD FIJA
Campo de control de longitud fija 140529s1996 xxu||||| |||| 00| 0 spa d
041 ## - CÓDIGO DE LENGUA
Código de lengua del texto/banda sonora o título independiente spa
100 1# - PUNTO DE ACCESO PRINCIPAL-NOMBRE DE PERSONA
Nombre de persona Copeland, M. Shawn
9 (RLIN) 117581
245 00 - MENCIÓN DE TÍTULO
Título La diferencia como categoría en las teologías críticas por la liberación de las mujeres
Mención de responsabilidad, etc. M. Shawn Copeland
650 04 - PUNTO DE ACCESO ADICIONAL DE MATERIA-TÉRMINO DE MATERIA
Término de materia o nombre geográfico como elemento inicial Diferencia Sexual-Teologías Críticas
9 (RLIN) 235323
773 0# - ENLACE AL DOCUMENTO FUENTE
Título Concilium
Parte(s) relacionada(s) nº. 263, 1996, págs. 195-208
Número de control del registro relacionado Rev134
942 ## - ENTRADA DE ELEMENTOS AGREGADOS (KOHA)
Koha [por defecto] tipo de item Artículos de revista
Holdings
Suprimido Perdido Estropeado No para préstamo Localización permanente Localización actual Localización en estantería Fecha adquisición Préstamos totales Fecha última consulta Fecha del precio de reemplazo Tipo de item de Koha
        San Esteban San Esteban Depósito de revistas 11/07/2014   11/07/2014 11/07/2014 Artículos de revista

Bibliotecas Dominicos Provincia Hispania, 2016

Con tecnología Koha